000 00618nmm a2200193Ia 4500
008 251105s9999||||xx |||||||||||||||||und||
020 _a9788483590201
041 _aspa
_acat
100 _aXumet Rosselló, Antoni
245 0 _aLos perfiles de Odiseo :
_b Antología de la poesía joven en las Islas Baleares
264 _a[Madrid, España] :
_bCalambur,
_c2007
300 _a289 páginas
490 _aLos solitarios y sus amigos
650 _aSpanish poetry
700 _aXumet Rosselló, Antoni
700 1 _a Xumet Rosselló, Antoni
856 _uhttps://public.digitaliapublishing.com/a/910
942 _cCF
999 _c72682
_d72682